[Event "Chess24 Banter Blitz Cup"]
[Site "chess24.com INT"]
[Date "2020.04.06"]
[Round "5.9"]
[White "Sunilduth Lyna, Narayanan"]
[Black "Iturrizaga Bonelli, Eduardo"]
[Result "0-1"]
[WhiteElo "2611"]
[BlackElo "2629"]
[PlyCount "136"]
[EventDate "2019.09.25"]
[EventType "k.o. (blitz)"]
[EventRounds "7"]
[EventCountry "USA"]
[SourceTitle "CBM 195 Extra"]
[Source "ChessBase"]
[SourceDate "2020.05.31"]
[SourceVersion "1"]
[SourceVersionDate "2020.05.31"]
[SourceQuality "1"]

1. d4 Nf6 2. c4 e6 3. Nf3 d5 4. Nc3 dxc4 5. e4 Bb4 6. Bxc4 Nxe4 7. O-O Nf6 8.
Qa4+ Nc6 9. Bg5 Bxc3 10. bxc3 O-O 11. Rad1 h6 12. Bh4 Ne7 13. Bxf6 gxf6 14. Qc2
Ng6 15. Rfe1 Kg7 16. Bd3 f5 17. c4 Qf6 18. Qe2 Bd7 19. Ne5 Ba4 20. Rb1 Bc6 21.
Qe3 Rad8 22. f4 Rd6 23. c5 Rd5 24. Bc4 Rdd8 25. Rb3 Be4 26. Qf2 b6 27. cxb6
axb6 28. Bd3 Bxd3 29. Rxd3 Rd6 30. Rc3 Rc8 31. Rec1 Qd8 32. Nc6 Qd7 33. h4 h5
34. Ne5 Nxe5 35. dxe5 Rd1+ 36. Kh2 Rxc1 37. Rxc1 Qe7 38. Rd1 Rd8 39. Qg3+ Kf8
40. Rc1 c5 41. Rb1 Rb8 42. Rd1 Rc8 43. Kh3 c4 44. Qf3 c3 45. Qxh5 Kg7 46. Rc1
c2 47. Qf3 Rc4 48. Qg3+ Kf8 49. Qd3 Rxf4 50. g3 Re4 51. Rxc2 Kg7 52. Rc8 Rxe5
53. Qd4 Qf6 54. Qd6 Kh7 55. Qf8 Qg7 56. Qxg7+ Kxg7 57. Rb8 Re3 58. h5 f4 59.
h6+ Kh7 60. Kg4 Rxg3+ 61. Kxf4 Rg6 62. Ke5 Rxh6 63. Kd6 Rh5 64. Ke7 Rh6 65. Re8
Rg6 66. Rf8 Rg7 67. Rxf7 Rxf7+ 68. Kxe6 Rf6+ 0-1

[Event "Chess24 Banter Blitz Cup"]
[Site "chess24.com INT"]
[Date "2020.04.06"]
[Round "5.12"]
[White "Iturrizaga Bonelli, Eduardo"]
[Black "Sunilduth Lyna, Narayanan"]
[Result "1-0"]
[WhiteElo "2629"]
[BlackElo "2611"]
[PlyCount "69"]
[EventDate "2019.09.25"]
[EventType "k.o. (blitz)"]
[EventRounds "7"]
[EventCountry "USA"]
[SourceTitle "CBM 195 Extra"]
[Source "ChessBase"]
[SourceDate "2020.05.31"]
[SourceVersion "1"]
[SourceVersionDate "2020.05.31"]
[SourceQuality "1"]

1. c4 g6 2. Nc3 c5 3. g3 Bg7 4. Bg2 Nc6 5. Nf3 e6 6. O-O Nge7 7. d3 O-O 8. Bd2
d5 9. Qc1 b6 10. Bh6 Bb7 11. Bxg7 Kxg7 12. Rd1 d4 13. Na4 e5 14. a3 Qc7 15. Rb1
a5 16. Qc2 h6 17. Qb3 Nc8 18. Re1 f5 19. e3 dxe3 20. Rxe3 f4 21. gxf4 Rxf4 22.
Rbe1 Rg4 23. Re4 Rxg2+ 24. Kxg2 Nd6 25. Qxb6 Qf7 26. Qxc5 Rf8 27. R1e3 Nxe4 28.
dxe4 Kh7 29. Qd5 Qf4 30. Nc5 Ba8 31. Ne6 Qg4+ 32. Kf1 Re8 33. Neg5+ hxg5 34.
Qf7+ Kh6 35. Qxe8 1-0

[Event "Chess24 Banter Blitz Cup"]
[Site "chess24.com INT"]
[Date "2020.04.06"]
[Round "5.13"]
[White "Sunilduth Lyna, Narayanan"]
[Black "Iturrizaga Bonelli, Eduardo"]
[Result "0-1"]
[WhiteElo "2611"]
[BlackElo "2629"]
[PlyCount "30"]
[EventDate "2019.09.25"]
[EventType "k.o. (blitz)"]
[EventRounds "7"]
[EventCountry "USA"]
[SourceTitle "CBM 195 Extra"]
[Source "ChessBase"]
[SourceDate "2020.05.31"]
[SourceVersion "1"]
[SourceVersionDate "2020.05.31"]
[SourceQuality "1"]

1. d4 Nf6 2. Nf3 e6 3. Bf4 b6 4. e3 Bb7 5. h3 Be7 6. Be2 O-O 7. O-O c5 8. c4 d5
9. Nc3 cxd4 10. Nxd4 dxc4 11. Bxc4 Nc6 12. Ba6 Qc8 13. Bxb7 Qxb7 14. Qf3 Rac8
15. Rac1 Qa8 0-1

[Event "ESP-chT CECLUB Honor"]
[Site "Linares"]
[Date "2019.09.30"]
[Round "1.3"]
[White "Banusz, Tamas"]
[Black "Iturrizaga Bonelli, Eduardo"]
[Result "0-1"]
[WhiteElo "2619"]
[BlackElo "2626"]
[PlyCount "156"]
[EventDate "2019.09.30"]
[EventType "team-tourn"]
[EventRounds "7"]
[EventCountry "ESP"]
[SourceTitle "EXT 2020"]
[Source "ChessBase"]
[SourceDate "2019.10.17"]
[SourceVersion "1"]
[SourceVersionDate "2019.10.17"]
[SourceQuality "1"]
[WhiteTeam "Jaime Casas"]
[BlackTeam "Collado Villalba"]
[WhiteTeamCountry "ESP"]
[BlackTeamCountry "ESP"]

1. d4 g6 2. Nf3 Bg7 3. c3 Nf6 4. Bf4 O-O 5. e3 d6 6. h3 Nc6 7. Be2 Nd5 8. Bh2
e5 9. O-O h6 10. Nbd2 Qe7 11. e4 Nb6 12. dxe5 Nxe5 13. Nxe5 dxe5 14. Nc4 Rd8
15. Qc1 Nxc4 16. Bxc4 Be6 17. Bb3 Rd7 18. Qc2 Rad8 19. Rfd1 h5 20. Kf1 Bh6 21.
Rxd7 Qxd7 22. Kg1 f6 23. Bg3 Kg7 24. h4 Bf7 25. a4 Qd2 26. Rd1 Qxd1+ 27. Qxd1
Rxd1+ 28. Bxd1 c5 29. Kf1 c4 30. Ke1 Bc1 31. f3 Bxb2 32. Kd2 Ba3 33. f4 Bd6 34.
fxe5 fxe5 35. Bf2 a6 36. g4 Kf6 37. gxh5 gxh5 38. Kc2 Ke7 39. Kb2 Kd7 40. Be2
Kc6 41. Bd1 Bf8 42. Be3 Be7 43. Bf2 Kd7 44. Be2 Ke8 45. Bd1 Kf8 46. Bg3 Bd6 47.
Be2 Kg7 48. Bd1 Be8 49. Bf2 Kg6 50. Kc1 Bc6 51. Bc2 Bd7 52. Kd2 Kf7 53. Kc1 Bg4
54. Be3 Be7 55. Bf2 Ke6 56. Kb2 Kd6 57. Kc1 Kc6 58. Bg3 Ba3+ 59. Kb1 Kd6 60.
Ka2 Bc5 61. Kb2 Be2 62. Be1 Kc6 63. Bg3 Bd6 64. Bf2 Be7 65. Ka2 b5 66. axb5+
axb5 67. Bg3 Bd6 68. Kb2 Kb6 69. Bf2+ Ka5 70. Be1 b4 71. cxb4+ Bxb4 72. Bc3
Bxc3+ 73. Kxc3 Kb5 74. Kd2 Bf3 75. Kc3 Bg4 76. Bb1 Bd1 77. Ba2 Be2 78. Bb1 Bd3
0-1

[Event "Salamanca Uni 9th"]
[Site "Salamanca"]
[Date "2019.11.28"]
[Round "3"]
[White "Iturrizaga Bonelli, Eduardo"]
[Black "Topalov, Veselin"]
[Result "1-0"]
[WhiteElo "2597"]
[BlackElo "2736"]
[PlyCount "51"]
[EventDate "2019.11.27"]
[EventType "tourn"]
[EventRounds "7"]
[EventCountry "ESP"]
[EventCategory "12"]
[SourceTitle "EXT 2021"]
[Source "ChessBase"]
[SourceDate "2020.10.23"]
[SourceVersion "1"]
[SourceVersionDate "2020.10.23"]
[SourceQuality "1"]

1. c4 Nf6 2. Nc3 e5 3. Nf3 Nc6 4. Qc2 Nd4 5. Nxd4 exd4 6. Nd5 c6 7. Nxf6+ Qxf6
8. e3 Bc5 9. Bd3 d6 10. O-O a5 11. b3 dxe3 12. fxe3 Qh6 13. Bb2 O-O 14. Rf3 f6
15. Raf1 Be6 16. Rg3 Rae8 17. Rff3 Qh4 18. Kf1 h6 19. Rf4 Qxh2 20. Bh7+ Kh8 21.
Rxg7 Qh1+ 22. Kf2 Kxg7 23. Qg6+ Kh8 24. Bg8 Re7 25. Rxf6 Qh4+ 26. Kg1 1-0

[Event "Salamanca Uni 9th"]
[Site "Salamanca"]
[Date "2019.11.30"]
[Round "6"]
[White "Hou, Yifan"]
[Black "Iturrizaga Bonelli, Eduardo"]
[Result "0-1"]
[WhiteElo "2659"]
[BlackElo "2597"]
[PlyCount "118"]
[EventDate "2019.11.27"]
[EventType "tourn"]
[EventRounds "7"]
[EventCountry "ESP"]
[EventCategory "12"]
[SourceTitle "EXT 2021"]
[Source "ChessBase"]
[SourceDate "2020.10.23"]
[SourceVersion "1"]
[SourceVersionDate "2020.10.23"]
[SourceQuality "1"]

1. e4 c6 2. Nf3 d5 3. Nc3 dxe4 4. Nxe4 Nf6 5. Qe2 Nxe4 6. Qxe4 Qd5 7. Qh4 Qe6+
8. Be2 Qg4 9. Qg3 Qxg3 10. hxg3 g6 11. a4 Bg7 12. a5 Bf5 13. c3 e5 14. d3 Nd7
15. Be3 O-O 16. Nd2 Nf6 17. Nc4 Nd5 18. Bc5 Rfd8 19. Nd6 b6 20. Nxf5 bxc5 21.
Nxg7 Kxg7 22. Rh4 Rab8 23. Ra2 f5 24. Rc4 Rb5 25. Kd2 Nf6 26. Kc2 Ne8 27. Rca4
Nd6 28. a6 Kf6 29. Ra5 Rdb8 30. c4 Rxa5 31. Rxa5 Rb6 32. f4 e4 33. dxe4 Nxe4
34. g4 fxg4 35. Bxg4 Nd6 36. Rxc5 Rxa6 37. Bf3 Nf5 38. Kc3 Ne7 39. Re5 h5 40.
b4 Ra3+ 41. Kd4 Ra4 42. Kc5 a5 43. b5 cxb5 44. cxb5 Rxf4 45. Re1 Rf5+ 46. Kb6
Nc8+ 47. Ka6 Re5 48. Rc1 Re6+ 49. Kxa5 Nd6 50. b6 h4 51. Bg4 Re5+ 52. Ka6 Re4
53. Bd7 Re2 54. Ka7 Rxg2 55. Rd1 Ra2+ 56. Kb8 Nc4 57. Rf1+ Ke7 58. b7 Kxd7 59.
Rd1+ Nd6 0-1

[Event "Iberoamericano Chess24"]
[Site "chess24.com INT"]
[Date "2020.07.07"]
[Round "4.1"]
[White "Iturrizaga Bonelli, Eduardo"]
[Black "Cori, Jorge Moise"]
[Result "1-0"]
[WhiteElo "2607"]
[BlackElo "2652"]
[PlyCount "113"]
[EventDate "2020.06.01"]
[EventType "k.o. (blitz)"]
[EventRounds "6"]
[EventCountry "ESP"]
[SourceTitle "EXT 2021"]
[Source "ChessBase"]
[SourceDate "2020.10.23"]
[SourceVersion "1"]
[SourceVersionDate "2020.10.23"]
[SourceQuality "1"]

1. c4 e5 2. g3 Nc6 3. Bg2 g6 4. Nc3 Bg7 5. Rb1 Nf6 6. b4 O-O 7. b5 Nd4 8. e3
Ne6 9. Nge2 d6 10. d4 exd4 11. exd4 Re8 12. O-O Nd7 13. a4 a6 14. Be3 axb5 15.
axb5 Nb6 16. Qb3 Nf8 17. c5 dxc5 18. dxc5 Be6 19. Qb4 Nc4 20. Rfd1 Qc8 21. Bd4
Ne5 22. f4 Ng4 23. h3 Nf6 24. Kh2 Bf5 25. Rb2 h5 26. c6 b6 27. Be5 h4 28. gxh4
Ne6 29. Nd4 Nc5 30. Rbd2 Nh5 31. Nf3 f6 32. Bd4 Bf8 33. Nd5 Ne6 34. Qb3 Kg7 35.
Be3 Kh7 36. Qc3 Bg7 37. Nd4 Nxd4 38. Bxd4 Bh6 39. Bxf6 Nxf4 40. Bg5 Nxd5 41.
Rxd5 Bg7 42. Qg3 Rf8 43. h5 Qe8 44. h6 Bf6 45. Rd7+ Kh8 46. Bxf6+ Rxf6 47. Qxc7
Bxd7 48. cxd7 Qd8 49. Qe5 Ra2 50. Qxf6+ Qxf6 51. d8=Q+ Qxd8 52. Rxd8+ Kh7 53.
Rd6 Rb2 54. Rxb6 Kxh6 55. Rb8 Kg5 56. b6 Kf4 57. b7 1-0

[Event "Iberoamericano Chess24"]
[Site "chess24.com INT"]
[Date "2020.07.07"]
[Round "4.2"]
[White "Cori, Jorge Moise"]
[Black "Iturrizaga Bonelli, Eduardo"]
[Result "0-1"]
[WhiteElo "2652"]
[BlackElo "2607"]
[PlyCount "96"]
[EventDate "2020.06.01"]
[EventType "k.o. (blitz)"]
[EventRounds "6"]
[EventCountry "ESP"]
[SourceTitle "EXT 2021"]
[Source "ChessBase"]
[SourceDate "2020.10.23"]
[SourceVersion "1"]
[SourceVersionDate "2020.10.23"]
[SourceQuality "1"]

1. d4 Nf6 2. Nf3 e6 3. c4 Bb4+ 4. Bd2 a5 5. g3 d6 6. Bg2 Nbd7 7. O-O e5 8. e3
O-O 9. Bc1 exd4 10. exd4 d5 11. c5 a4 12. a3 Ba5 13. Qxa4 Ra6 14. b4 Bb6 15.
Qb3 Ba7 16. Nc3 c6 17. Bf4 Bb8 18. Bxb8 Nxb8 19. Rfe1 Ra8 20. Ne5 Be6 21. b5
Qa5 22. a4 Nfd7 23. Nd3 Bf5 24. Nb4 Nf6 25. h3 h5 26. Qb2 Rc8 27. Rac1 Nbd7 28.
b6 Nf8 29. Re5 Bg6 30. f4 N6d7 31. Re7 Nxc5 32. Kh2 Ncd7 33. Nc2 Qxb6 34. Qxb6
Nxb6 35. Rxb7 Nxa4 36. Nxa4 Rxa4 37. Ne3 Re8 38. Rc3 Rxd4 39. f5 Bh7 40. g4
hxg4 41. hxg4 g6 42. Kg3 gxf5 43. gxf5 Rd2 44. Ng4 Kg7 45. f6+ Kg6 46. Bf3 Re1
47. Re7 Ne6 48. Ne3 d4 0-1

[Event "Iberoamericano Chess24"]
[Site "chess24.com INT"]
[Date "2020.07.07"]
[Round "4.3"]
[White "Iturrizaga Bonelli, Eduardo"]
[Black "Cori, Jorge Moise"]
[Result "1-0"]
[WhiteElo "2607"]
[BlackElo "2652"]
[PlyCount "61"]
[EventDate "2020.06.01"]
[EventType "k.o. (blitz)"]
[EventRounds "6"]
[EventCountry "ESP"]
[SourceTitle "EXT 2021"]
[Source "ChessBase"]
[SourceDate "2020.10.23"]
[SourceVersion "1"]
[SourceVersionDate "2020.10.23"]
[SourceQuality "1"]

1. Nf3 d5 2. c4 c6 3. d4 Nf6 4. Nc3 e6 5. Bg5 Be7 6. e3 Nbd7 7. cxd5 exd5 8.
Bd3 Nf8 9. Qc2 Ng6 10. h3 Be6 11. O-O O-O 12. Ne5 Nd7 13. Bxe7 Qxe7 14. f4
Ngxe5 15. fxe5 g6 16. e4 f6 17. exf6 Rxf6 18. e5 Rxf1+ 19. Rxf1 Rf8 20. Rxf8+
Nxf8 21. a3 Qg5 22. Kh1 Qe3 23. Ne2 Bd7 24. Qd1 Ne6 25. Bc2 Kg7 26. Qd3 Qf2 27.
Qd2 b6 28. Kh2 Kg8 29. Qd3 Kg7 30. Qd2 Kf7 31. Qh6 1-0

[Event "Iberoamericano Chess24"]
[Site "chess24.com INT"]
[Date "2020.07.07"]
[Round "4.4"]
[White "Cori, Jorge Moise"]
[Black "Iturrizaga Bonelli, Eduardo"]
[Result "0-1"]
[WhiteElo "2652"]
[BlackElo "2607"]
[PlyCount "124"]
[EventDate "2020.06.01"]
[EventType "k.o. (blitz)"]
[EventRounds "6"]
[EventCountry "ESP"]
[SourceTitle "EXT 2021"]
[Source "ChessBase"]
[SourceDate "2020.10.23"]
[SourceVersion "1"]
[SourceVersionDate "2020.10.23"]
[SourceQuality "1"]

1. e4 c5 2. Nc3 Nc6 3. d3 g6 4. g3 Bg7 5. Bg2 Rb8 6. h4 h5 7. Nf3 d6 8. Ng5 Nf6
9. O-O O-O 10. Nd5 Nxd5 11. exd5 Ne5 12. Bf4 b5 13. c3 a5 14. Qd2 b4 15. c4 Bf5
16. Be4 Bxe4 17. Bxe5 Bxe5 18. dxe4 Qd7 19. f4 Bf6 20. f5 Bxg5 21. Qxg5 Kg7 22.
e5 dxe5 23. f6+ exf6 24. Qxf6+ Kg8 25. Rae1 Qg4 26. Qxe5 Qxc4 27. b3 Qg4 28.
Kg2 Rbd8 29. d6 Qd4 30. Rf6 Qxe5 31. Rxe5 Kg7 32. Rf2 Rxd6 33. Rxc5 Ra8 34. Rc7
Rf6 35. Rxf6 Kxf6 36. Rc5 Ke6 37. Kf3 Kd6 38. Rb5 Kc6 39. Re5 Ra7 40. Kf4 a4
41. Kg5 a3 42. Kf6 Rd7 43. Re4 Kc5 44. Rc4+ Kb5 45. Rc2 Rd3 46. g4 Rf3+ 47. Kg5
Rg3 48. Kf6 Rxg4 49. Kxf7 Rxh4 50. Kxg6 Rh1 51. Kg5 Rb1 52. Kxh5 Rb2 53. Rc8
Rxa2 54. Rb8+ Kc5 55. Rc8+ Kd5 56. Rc4 Rh2+ 57. Kg6 a2 58. Rc1 Rb2 59. Ra1 Kd4
60. Kf5 Kc3 61. Ke4 Kxb3 62. Kd3 Rb1 0-1

[Event "Iberoamericano Chess24"]
[Site "chess24.com INT"]
[Date "2020.07.07"]
[Round "4.10"]
[White "Cori, Jorge Moise"]
[Black "Iturrizaga Bonelli, Eduardo"]
[Result "0-1"]
[WhiteElo "2652"]
[BlackElo "2607"]
[PlyCount "88"]
[EventDate "2020.06.01"]
[EventType "k.o. (blitz)"]
[EventRounds "6"]
[EventCountry "ESP"]
[SourceTitle "EXT 2021"]
[Source "ChessBase"]
[SourceDate "2020.10.23"]
[SourceVersion "1"]
[SourceVersionDate "2020.10.23"]
[SourceQuality "1"]

1. c4 b6 2. Nf3 Bb7 3. e3 g6 4. Be2 Bg7 5. O-O Nf6 6. d4 O-O 7. Nc3 e6 8. b3 c5
9. Bb2 Na6 10. Qd2 Qe7 11. Rfd1 Rfd8 12. d5 exd5 13. Nxd5 Bxd5 14. cxd5 Ne4 15.
Qc1 Bxb2 16. Qxb2 Nc7 17. a4 d6 18. Bb5 Nxb5 19. axb5 Qd7 20. Qc2 Re8 21. Ra4
Nf6 22. Qd3 Qb7 23. h3 Re7 24. Rf4 Nh5 25. Ra4 Rae8 26. Nd2 Nf6 27. Nc4 Qd7 28.
Rda1 Ne4 29. Qc2 f5 30. Kh2 Qb7 31. f3 Nf6 32. Nxd6 Qc7 33. f4 Qxd6 34. Rxa7
Rxe3 35. Qf2 R3e7 36. R1a6 Nxd5 37. Qd2 Rxa7 38. Rxa7 Qxf4+ 39. Qxf4 Nxf4 40.
Rb7 Nd5 41. Kg3 Re3+ 42. Kh4 h6 43. g4 fxg4 44. hxg4 Nf4 0-1

[Event "Iberoamericano Chess24"]
[Site "chess24.com INT"]
[Date "2020.07.07"]
[Round "4.12"]
[White "Cori, Jorge Moise"]
[Black "Iturrizaga Bonelli, Eduardo"]
[Result "0-1"]
[WhiteElo "2652"]
[BlackElo "2607"]
[PlyCount "72"]
[EventDate "2020.06.01"]
[EventType "k.o. (blitz)"]
[EventRounds "6"]
[EventCountry "ESP"]
[SourceTitle "EXT 2021"]
[Source "ChessBase"]
[SourceDate "2020.10.23"]
[SourceVersion "1"]
[SourceVersionDate "2020.10.23"]
[SourceQuality "1"]

1. d4 Nf6 2. Nf3 c5 3. c3 b6 4. Bf4 Bb7 5. e3 g6 6. h3 Bg7 7. Nbd2 O-O 8. Be2
d6 9. O-O Nbd7 10. Bh2 a6 11. a4 Ra7 12. Re1 Qa8 13. Bf1 Bc6 14. Qc2 Ne4 15.
Nxe4 Bxe4 16. Qd1 Rb8 17. Nd2 Bc6 18. Bg3 b5 19. axb5 axb5 20. Bh4 Kf8 21. Nb3
Ra4 22. Bg3 Rb6 23. dxc5 dxc5 24. Nd2 Rba6 25. Rxa4 Rxa4 26. Qb1 c4 27. e4 Nc5
28. Bf4 Ra2 29. f3 Ne6 30. Be3 Be5 31. Rd1 Kg7 32. Be2 Bf4 33. Bf2 Bxd2 34.
Rxd2 Ra1 35. Rd1 Rxb1 36. Rxb1 Qa2 0-1

[Event "Iberoamericano Chess24"]
[Site "chess24.com INT"]
[Date "2020.07.07"]
[Round "4.14"]
[White "Cori, Jorge Moise"]
[Black "Iturrizaga Bonelli, Eduardo"]
[Result "0-1"]
[WhiteElo "2652"]
[BlackElo "2607"]
[PlyCount "202"]
[EventDate "2020.06.01"]
[EventType "k.o. (blitz)"]
[EventRounds "6"]
[EventCountry "ESP"]
[SourceTitle "EXT 2021"]
[Source "ChessBase"]
[SourceDate "2020.10.23"]
[SourceVersion "1"]
[SourceVersionDate "2020.10.23"]
[SourceQuality "1"]

1. c4 b6 2. Nf3 Bb7 3. e3 g6 4. Be2 Bg7 5. O-O Nf6 6. d4 O-O 7. Nc3 e6 8. b3 d5
9. Bb2 Nbd7 10. Rc1 Rc8 11. cxd5 Nxd5 12. Nxd5 Bxd5 13. Ba6 Rb8 14. Qe2 c5 15.
Rfd1 Qe7 16. e4 Ba8 17. Ba3 Rfd8 18. h3 Bh6 19. Rc3 Qf6 20. Rcd3 cxd4 21. Rxd4
Nc5 22. e5 Qe7 23. Bc4 Rxd4 24. Rxd4 Rd8 25. Bb2 Rxd4 26. Bxd4 Qd7 27. Bc3 Ne4
28. Bb4 Bb7 29. Qd3 Qxd3 30. Bxd3 Nc5 31. Be2 Nd7 32. Bd6 Bxf3 33. Bb5 Nxe5 34.
Bxe5 Bb7 35. a4 Bf8 36. Bb8 a6 37. Bc4 Bc5 38. Kf1 Kf8 39. h4 h5 40. g3 Ke7 41.
Ke2 Bd6 42. Ba7 Bc7 43. Kd2 Kd6 44. Kc3 Kc6 45. Be2 Kd7 46. b4 Bc6 47. a5 b5
48. Bd4 Bd5 49. Kd2 Bd6 50. Kc3 e5 51. Be3 Ke6 52. Bf1 f5 53. Bb6 Bc6 54. Be3
Be7 55. Bb6 Bf6 56. Be2 Kd5 57. Kd2 e4 58. Bc5 Be5 59. Ke3 Bc3 60. Bf1 Bg7 61.
Kd2 Bh6+ 62. Be3 Bf8 63. Kc3 Bg7+ 64. Kb3 Bd4 65. Be2 Ke5 66. Kc2 Bd5 67. Kd2
Bc6 68. Bd1 Bb2 69. Bf4+ Ke6 70. Be3 Bd5 71. Bc5 Be5 72. Ke3 Bc4 73. f3 Bxg3
74. fxe4 Bxh4 75. exf5+ gxf5 76. Bxh5 Bg5+ 77. Kd4 Bf6+ 78. Ke3 Bd5 79. Bg6
Bg5+ 80. Kd4 Bf6+ 81. Ke3 Be4 82. Bh7 Bg5+ 83. Kd4 Bf6+ 84. Ke3 Be5 85. Bg8+
Kf6 86. Bb3 Bh2 87. Kf2 Bf4 88. Bd4+ Be5 89. Bc5 Bb2 90. Ke3 Ke5 91. Bf7 f4+
92. Kd2 Bd4 93. Bf8 Be3+ 94. Ke2 Kf6 95. Be8 Bd4 96. Bd6 f3+ 97. Kd2 f2 98. Ke2
Bg2 99. Kd3 Ba7 100. Bc5 f1=Q+ 101. Kd2 Bxc5 0-1